[Event "Tatry Open 2012"]
[Site "Tatranske Zruby SVK"]
[Date "2012.09.29"]
[Round "8.50"]
[White "Siwek,A"]
[Black "Ptacnik,S"]
[Result "1-0"]
[WhiteElo "1923"]
[BlackElo "2089"]

1.Nf3 Nf6 2.c4 c5 3.Nc3 e6 4.e3 b6 5.Be2 Bb7 6.O-O Be7 7.d4 O-O 8.b3 Na6
9.Bb2 Nc7 10.Qc2 d6 11.e4 d5 12.cxd5 exd5 13.e5 Nd7 14.Rad1 f6 15.Nb5 fxe5
16.Nxc7 Qxc7 17.dxe5 Rac8 18.Bd3 Rxf3 19.Bxh7+ Kh8 20.gxf3 Nxe5 21.Bxe5 Qxe5
22.Qf5 Bd6 23.Qxe5 Bxe5 24.Rfe1 Bc3 25.Re7 Ba6 26.Bd3 c4 27.Bf1 Bf6 28.Rxa7 Bb5
29.Rc1 Rc5 30.a4 cxb3 31.Rxc5 bxc5 32.Bxb5 c4 33.Be8 Kh7 34.Bf7 b2 35.Rb7 c3
36.Bxd5  1-0

[Event "3rd Copa Latino-Americana"]
[Site "Cali COL"]
[Date "2012.10.05"]
[Round "2.12"]
[White "Lopez,CM CUB"]
[Black "Orozco,Li"]
[Result "1-0"]
[WhiteElo "2301"]
[BlackElo "2157"]

1.Nf3 c5 2.c4 Nf6 3.Nc3 d5 4.cxd5 Nxd5 5.d4 cxd4 6.Qxd4 Nxc3 7.Qxc3 Nc6 8.e4 Bd7
9.Be2 e5 10.O-O Bb4 11.Qb3 Qe7 12.Bg5 f6 13.Be3 Be6 14.Bc4 Na5 15.Qa4+ Bd7
16.Bb5 Nc6 17.Rfd1 Bd6 18.Rd2 a6 19.Rad1 Rd8 20.Rxd6 axb5 21.Qxb5 Nd4 22.Qb6 Bg4
23.Qxd8+ Qxd8 24.Rxd8+ Kxd8 25.Bxd4 exd4 26.Rxd4+ Kc7 27.Rc4+ Kb6 28.Nd4 Rd8
29.f3 Bh5 30.Rb4+ Kc5 31.Ne6+  1-0

[Event "TCh-ISL 2012-13"]
[Site "Reykjavik ISL"]
[Date "2012.10.06"]
[Round "2.3"]
[White "Thorfinnsson,Br"]
[Black "Thorfinnsson,Bj"]
[Result "1-0"]
[WhiteElo "2480"]
[BlackElo "2391"]

1.Nf3 Nf6 2.c4 c5 3.Nc3 g6 4.d4 cxd4 5.Nxd4 Bg7 6.e4 d6 7.Be2 O-O 8.O-O Nc6
9.Nc2 Be6 10.Be3 Rc8 11.Rc1 a6 12.f4 b5 13.cxb5 axb5 14.a3 Na5 15.Nd4 Nc4
16.Nxe6 fxe6 17.Bf2 Qd7 18.e5 Ne8 19.g3 g5 20.Nxb5 Qxb5 21.b3 Qb7 22.Rxc4 Rxc4
23.Bxc4 d5 24.Bd3 gxf4 25.Qh5 h6 26.Qg6 Rf7 27.Qh7+ Kf8 28.Bg6 Qxb3 29.Bxf7 Kxf7
30.gxf4 Qxa3 31.f5 Qa4 32.Qg6+ Kg8 33.fxe6 Nc7 34.Bb6 Qc6 35.Rf8+  1-0

[Event "St Petersburg Rapid Cup 2012"]
[Site "St Petersburg RUS"]
[Date "2012.10.07"]
[Round "10.4"]
[White "Khairullin,I"]
[Black "Matlakov,M"]
[Result "1/2-1/2"]
[WhiteElo "2639"]
[BlackElo "2665"]

1.c4 c5 2.Nf3 Nf6 3.Nc3 e6 4.g3 b6 5.Bg2 Bb7 6.O-O Be7 7.d4 cxd4 8.Qxd4 d6
9.Rd1 a6 10.b3 Nbd7 11.Bb2  1/2-1/2

[Event "TCh-ROU League A 2012"]
[Site "Olanesti ROU"]
[Date "2012.10.09"]
[Round "4.2"]
[White "Ionescu,M"]
[Black "Dinu,DD"]
[Result "1-0"]
[WhiteElo "2339"]
[BlackElo "2274"]

1.Nf3 c5 2.c4 Nf6 3.Nc3 b6 4.d4 cxd4 5.Nxd4 Bb7 6.f3 Nc6 7.e4 g6 8.Be3 Bg7
9.Qd2 O-O 10.Be2 d6 11.O-O Rc8 12.Rac1 Qd7 13.b3 Rfd8 14.Rfd1 Nxd4 15.Bxd4 Bc6
16.a4 Qb7 17.Bf1 Ne8 18.Be3 Nc7 19.Nd5 Ne6 20.Rb1 Nc5 21.Bd4 Bxd4+ 22.Qxd4 e5
23.Qe3 Bxd5 24.cxd5 a6 25.Ra1 Rc7 26.b4 Nd7 27.a5 bxa5 28.bxa5 Rb8 29.h4 Nc5
30.h5 f6 31.Kh2 g5 32.Qe1 Qc8 33.Rdb1 Rcb7 34.Rxb7 Qxb7 35.Qc3 Qf7 36.h6 Rb3
37.Qe1 Qb7 38.Rc1 Qb4 39.Qg3 Qxa5 40.Qg4 Qd8  1-0

[Event "TCh-Belgrade Premier 2012"]
[Site "Belgrade SRB"]
[Date "2012.10.10"]
[Round "9.1"]
[White "Tisma,I"]
[Black "Nedeljkovic,Dr"]
[Result "1/2-1/2"]
[WhiteElo "2140"]
[BlackElo "2141"]

1.Nf3 Nf6 2.c4 c5 3.Nc3 g6 4.g3 b6 5.Bg2 Bb7 6.O-O Bg7 7.d4 Ne4 8.Nxe4 Bxe4
9.Be3 d6 10.Qa4+ Qd7 11.Qa3 Qb7 12.Qa4+ Nd7 13.Rad1 O-O 14.Bg5 Rfe8 15.Bh3 Rad8
16.d5 Nb8 17.Nd2 Bf5 18.Bxf5 gxf5 19.Qc2 h6 20.Be3 Qa6 21.a4 Qc8 22.Nf3 Na6
23.Nh4 e6 24.Bd2 Nb4 25.Bxb4 cxb4 26.b3 a5 27.Qd3 f4 28.Qf3 e5 29.e4 Qh3
30.Rd3 Bf6 31.Nf5 Kh8 32.Re1 Rg8 33.Qg2 Qxg2+ 34.Kxg2 Rg6 35.Kf3 fxg3 36.fxg3 h5
37.Rf1 Bg5 38.Kg2 h4 39.Rdf3 Rdg8 40.Kh3 hxg3 41.hxg3 Rf8 42.Kg2 Kg8 43.Rh1 Rd8
44.Kf2 Rd7 45.Ke2 Bf6 46.Kd3 Bg7 47.Rf2 Bf6 48.Rfh2 Kf8 49.Rh7 Bg7 50.R1h3 Rg4
51.R3h4 Rg6 52.Ke2 Rc7 53.Kd3 Rd7 54.Rh2 Rc7 55.Rg2 Kg8 56.Rh5 Rd7 57.g4 f6
58.Ne3 Bh6 59.Nd1 Bf4 60.Ke2 Rh7 61.Rxh7 Kxh7 62.Rg1 Rh6 63.Nf2 Bg5 64.Rh1 Rxh1
65.Nxh1 Bh4 66.Nf2 Bxf2 67.Kxf2 Kg6 68.Kf3 Kh6 69.Kg2 Kg6  1/2-1/2

[Event "FSFMA1 October 2012"]
[Site "Budapest HUN"]
[Date "2012.10.13"]
[Round "7.2"]
[White "Maqseed,Nasser"]
[Black "Szalanczy,E"]
[Result "0-1"]
[WhiteElo "2065"]
[BlackElo "2256"]

1.c4 c5 2.Nf3 Nf6 3.Nc3 g6 4.g3 Bg7 5.Bg2 Nc6 6.O-O O-O 7.d4 cxd4 8.Nxd4 Ng4
9.Nxc6 dxc6 10.Qc2 Qa5 11.Bd2 Qh5 12.h3 Ne5 13.g4 Bxg4 14.hxg4 Nxg4 15.Rfd1 f5
16.b3 Rad8 17.Be1 Bd4 18.Rd3 Qh2+ 19.Kf1 Rd6 20.e3 Bb6 21.Rad1 f4 22.exf4 Rxf4
23.R1d2 Rxd3 24.Rxd3 Bxf2 25.Bxf2 Rxf2+ 26.Qxf2 Nxf2 27.Kxf2 Qf4+ 28.Ke2 h5  0-1

[Event "17th European Club Cup w"]
[Site "Eilat ISR"]
[Date "2012.10.13"]
[Round "3.2"]
[White "Danielian,E"]
[Black "Hou Yifan"]
[Result "0-1"]
[WhiteElo "2476"]
[BlackElo "2605"]

1.Nf3 Nf6 2.c4 c5 3.Nc3 b6 4.g3 Bb7 5.Bg2 e6 6.O-O Be7 7.b3 O-O 8.Bb2 d6
9.d4 cxd4 10.Nxd4 Bxg2 11.Kxg2 Qd7 12.e3 Nc6 13.Nxc6 Qxc6+ 14.Qf3 Rfc8 15.Rfd1 a6
16.Rd2 Rab8 17.Rc1 Kf8 18.Ba3 Qxf3+ 19.Kxf3 Rc6 20.Ne2 Rbc8 21.Rcd1 d5 22.Bxe7+ Kxe7
23.cxd5 Nxd5 24.Nf4 Nc3 25.Rd7+ Ke8 26.R1d2 e5 27.Nh3 Rh6 28.Ng5 Rf6+ 29.Kg2 h6
30.Nh3 Ne4 31.Rd1 g5 32.R7d5 Re6 33.g4 Nf6 34.Rd6 Ke7 35.R6d2 Nxg4 36.Rd7+ Kf8
37.R1d6 Rc6 38.Rxe6 Rxe6 39.Ng1 Nf6 40.Ra7 a5 41.Ne2 Kg7 42.Ng3 Kg6 43.e4 h5
44.f3 Rc6 45.Rb7 g4 46.fxg4 hxg4 47.a3 Nh7 48.h4 gxh3+ 49.Kxh3 Ng5+ 50.Kg2 f6
51.b4 a4 52.b5 Rc2+ 53.Kf1 Rc3 54.Kg2 Rxa3 55.Rxb6 Rb3 56.Ra6 Rb4 57.Nf5 Rb2+
58.Kg1 Nxe4 59.Ne7+ Kf7 60.Nf5 Rxb5 61.Rxa4 Ke6 62.Ne3 Rb1+ 63.Kg2 Rb2+ 64.Kg1 Nc5
65.Ra8 Re2 66.Ng2 Ne4 67.Kf1 Ng3+ 68.Kg1 f5 69.Ra6+ Kd5 70.Ra5+ Kd4 71.Ra3 Ne4
72.Nh4 Nd6 73.Kf1 Rb2 74.Ra6 Kd5 75.Ra5+ Ke6 76.Nf3 Rb5 77.Ra6 Kd5 78.Ra4 e4
79.Nd4 Rb1+ 80.Kf2 f4 81.Ne2 Ke5 82.Ra5+ Rb5 83.Ra2 f3 84.Nc3 Rc5 85.Nd1 Nf5
86.Rb2 Kf4 87.Ra2 e3+ 88.Ke1 Rc1 89.Ra4+ Ke5  0-1

[Event "22nd Metropolitan IM"]
[Site "Los Angeles USA"]
[Date "2012.10.14"]
[Round "8"]
[White "Kavutskiy,K"]
[Black "Akopian,R"]
[Result "1-0"]
[WhiteElo "2287"]
[BlackElo "2093"]

1.Nf3 Nf6 2.c4 c5 3.Nc3 e6 4.e3 Nc6 5.d4 d5 6.a3 a6 7.dxc5 Bxc5 8.b4 Ba7
9.Bb2 O-O 10.Qc2 Qe7 11.Rd1 dxc4 12.Ne4 e5 13.Bxc4 Bg4 14.Ng3 Nxb4 15.Qc3 Nc6
16.h3 Bd4 17.Nxd4 exd4 18.Rxd4 Nxd4 19.hxg4 Rad8 20.O-O Nxg4 21.exd4 Qh4
22.Re1 Rd6 23.Be2 Qh2+ 24.Kf1 Nf6 25.Bf3 h5 26.Re5 h4 27.Nf5 Qh1+ 28.Ke2 Re6
29.Ne7+ Rxe7 30.Rxe7 Qh2 31.d5 Qf4 32.Qb4 Qf5 33.Bxf6 Rc8 34.Bc3 Qc2+ 35.Bd2 a5
36.Qe4  1-0

[Event "Copenhagen Cup IMA 2012"]
[Site "Copenhagen DEN"]
[Date "2012.10.19"]
[Round "5.1"]
[White "Teplyi,I"]
[Black "Holm,Kristian Stuvik"]
[Result "1-0"]
[WhiteElo "2386"]
[BlackElo "2316"]

1.Nf3 Nf6 2.c4 g6 3.Nc3 c5 4.g3 Bg7 5.Bg2 O-O 6.O-O Nc6 7.d4 cxd4 8.Nxd4 Nxd4
9.Qxd4 d6 10.Bg5 h6 11.Bc1 Nd7 12.Qd2 Nc5 13.b3 a5 14.Ba3 Be6 15.Rac1 Qb6
16.Nd5 Bxd5 17.Qxd5 Rfd8 18.Rfd1 Rab8 19.Qd2 Kh7 20.Bd5 Rf8 21.Rc2 Nd7 22.e3 Nf6
23.c5 dxc5 24.Bxc5 Qa6 25.Bxe7 Rfe8 26.Bxf6 Qxf6 27.Qxa5 Rbd8 28.Rcd2 b6
29.Qb5 Re5 30.Qc4 Qd6 31.Bxf7 Qxd2 32.Rxd2 Rxd2 33.Qc6 Rd8 34.Bxg6+ Kh8 35.Qxb6 Red5
36.Be4  1-0

[Event "Danilo Batricevic Mem Balkan GP"]
[Site "Cetinje MNE"]
[Date "2012.10.21"]
[Round "3.11"]
[White "Nikcevic,N"]
[Black "Scepanovic,D"]
[Result "1-0"]
[WhiteElo "2432"]
[BlackElo "2124"]

1.Nf3 Nf6 2.c4 g6 3.Nc3 c5 4.e4 d6 5.d4 cxd4 6.Nxd4 Bg7 7.Be2 O-O 8.Be3 Nc6
9.O-O Nxd4 10.Bxd4 Qa5 11.a3 Qg5 12.f4 Qa5 13.b4 Qd8 14.Bf3 Ne8 15.Rc1 Bxd4+
16.Qxd4 Nc7 17.e5 Ne6 18.Qe3 Qb6 19.c5 Qa6 20.Nd5 dxc5 21.Nxe7+ Kh8 22.bxc5 Ng7
23.Nd5 Qa4 24.Nf6 Nf5 25.Qc3 Nd4 26.Bd1 Qxd1 27.Rfxd1 Ne2+ 28.Kf2 Nxc3 29.Rxc3 Be6
30.a4 Kg7 31.Kf3 Rfd8 32.Rd6 Rac8 33.Rcd3 Rh8 34.Rxe6 fxe6 35.Rd7+ Kf8 36.Rxb7 h5
37.g4 h4 38.f5 gxf5 39.g5  1-0

[Event "Balkan GP Cetinje 2012"]
[Site "Cetinje MNE"]
[Date "2012.10.21"]
[Round "3"]
[White "Abramovic,B"]
[Black "Damljanovic,B"]
[Result "1/2-1/2"]
[WhiteElo "2447"]
[BlackElo "2572"]

1.Nf3 c5 2.c4 Nf6 3.Nc3 e6 4.g3 b6 5.Bg2 Bb7 6.O-O d6 7.Re1 Be7 8.e4 a6 9.d4 cxd4
10.Nxd4 Qc7 11.Be3 O-O 12.Rc1 Rc8 13.f4 Nbd7 14.h3 Rab8 15.Qd2 Qd8 16.b3 g6
17.Bf2 e5 18.Nc2 b5 19.cxb5 axb5 20.Nb4 Bf8 21.Ncd5 Qa5 22.Be3 Ra8 23.Rxc8 Rxc8
24.Nxf6+ Nxf6 25.Nd5 Qxd2 26.Nxf6+ Kg7 27.Bxd2 Kxf6 28.Rc1  1/2-1/2

[Event "TCh-SUI National A 2012"]
[Site "Switzerland SUI"]
[Date "2012.10.21"]
[Round "9.6"]
[White "Grandadam,N"]
[Black "Kuemin,S"]
[Result "1/2-1/2"]
[WhiteElo "2361"]
[BlackElo "2381"]

1.Nf3 c5 2.c4 Nf6 3.Nc3 g6 4.d4 cxd4 5.Nxd4 Nc6 6.e4 Bg7 7.Be3 O-O 8.Be2 Nxd4
9.Bxd4 d6 10.O-O Bd7 11.Qd2 Bc6 12.f3 Nd7 13.Be3 a5 14.Rab1 Nc5 15.b3 Qb6
16.Rfc1 Rfc8 17.Rc2 Qd8 18.Bf1 h5 19.Qe1 Kh7 20.a3 Qh8 21.Kh1 Bd4 22.Bxd4  1/2-1/2

[Event "Danilo Batricevic Mem Balkan GP"]
[Site "Cetinje MNE"]
[Date "2012.10.22"]
[Round "4.2"]
[White "Bogosavljevic,B"]
[Black "Djukic,Ni"]
[Result "1-0"]
[WhiteElo "2497"]
[BlackElo "2539"]

1.Nf3 Nf6 2.c4 e6 3.Nc3 c5 4.g3 b6 5.Bg2 Bb7 6.O-O Be7 7.Re1 d5 8.cxd5 Nxd5
9.e4 Nb4 10.d4 cxd4 11.Nxd4 N8c6 12.Nxc6 Qxd1 13.Rxd1 Bxc6 14.a3 Nc2 15.Ra2 Rd8
16.Rxd8+ Bxd8 17.b4 Ne1 18.Bh1 Bf6 19.Bd2 Nd3 20.Rc2 O-O 21.Nd5 exd5 22.Rxc6 dxe4
23.Bxe4 Rd8 24.Be3 Ne5 25.Rc2 Ng4 26.Bf4 g5 27.Bd2 h6 28.h3 Ne5 29.Be3 Kg7
30.Kg2 Rd7 31.Bf5 Re7 32.a4 Ng6 33.a5 bxa5 34.bxa5 Nf8 35.Bc8 Ne6 36.Rc6 Be5
37.Bxe6 fxe6 38.Bc5 Rd7 39.Rxe6 Bc3 40.Ra6 Rd5 41.Rxa7+ Kg6 42.Bb6 Rb5 43.g4 Be1
44.Ra8 Bc3 45.a6  1-0

[Event "13th Liberec Open 2012"]
[Site "Liberec CZE"]
[Date "2012.10.23"]
[Round "4"]
[White "Benes,Pe1"]
[Black "Gorbatov,A"]
[Result "0-1"]
[WhiteElo "2105"]
[BlackElo "2369"]

1.Nf3 c5 2.c4 Nf6 3.Nc3 d5 4.cxd5 Nxd5 5.g3 Nc6 6.Bg2 Nc7 7.d3 e5 8.O-O Be7
9.Nd2 O-O 10.Nc4 f6 11.f4 exf4 12.gxf4 Nd4 13.Be3 Rb8 14.Bf2 b5 15.Ne3 Bb7
16.Rc1 f5 17.Bxb7 Rxb7 18.Nc2 Rb6 19.b4 Rg6+ 20.Kh1 Nxc2 21.Qxc2 cxb4 22.Ne4 Ne6
23.Nd2 Nxf4 24.Nf3 a6 25.Bg3 Nd5 26.Qb3 Kh8 27.Ne5 Rgf6 28.Nc6 Qd7 29.Nxe7 Nxe7
30.Qxb4 Nd5 31.Qd4 f4 32.Bh4 Rf5 33.Rc5 h6 34.Rfc1 Qf7 35.Bf2 Qh5 36.Rg1 Nf6  0-1

[Event "US Chess League 2012"]
[Site "ICC INT"]
[Date "2012.10.24"]
[Round "8"]
[White "Korley,K"]
[Black "Mikhailuk,S"]
[Result "1-0"]
[WhiteElo "2280"]
[BlackElo "2424"]

1.c4 Nf6 2.Nc3 c5 3.Nf3 e6 4.g3 d5 5.cxd5 exd5 6.d4 Nc6 7.Bg2 Be7 8.O-O O-O
9.dxc5 Bxc5 10.Na4 Be7 11.Be3 Bg4 12.Rc1 Qd7 13.Nc5 Bxc5 14.Rxc5 Rad8 15.Bg5 Ne4
16.Rxc6 Nxg5 17.Rc3 d4 18.Ra3 Nxf3+ 19.Bxf3 Bxf3 20.Rxf3 Qe6 21.a3 Rd5 22.Rf4 Rfd8
23.Qd3 g5 24.Re4 Qd7 25.f4 Qb5 26.fxg5 Qxd3 27.exd3 Rxg5 28.Re7 Rg7 29.Rxb7 f6
30.Rb4 Rd6 31.Rf4 Rgd7 32.Kf2 Kf7 33.Rc4 Rb7 34.b4 Rbd7 35.a4 Ke6 36.g4 Rd5
37.b5 R5d6 38.Re4+ Kf7 39.Kf3 Rd5 40.h4 h5 41.gxh5 f5 42.Re1 Kg7 43.Rc6 Rf7
44.Kf4 Kh7 45.Ree6 Kg7 46.Red6 Rxd6 47.Rxd6 Kh7 48.a5 Rb7 49.b6 axb6 50.axb6 Kg7
51.Kxf5 Rf7+ 52.Ke5  1-0

[Event "Chigorin Mem Rapid"]
[Site "St Petersburg RUS"]
[Date "2012.10.25"]
[Round "2.6"]
[White "Timofeev,Arty"]
[Black "Malakhov,I"]
[Result "1-0"]
[WhiteElo "2631"]
[BlackElo "2429"]

1.c4 c5 2.Nf3 Nf6 3.Nc3 g6 4.d4 cxd4 5.Nxd4 Nc6 6.Nc2 Bg7 7.e4 d6 8.Be2 O-O
9.O-O Nd7 10.Bd2 a5 11.b3 Nc5 12.Re1 f5 13.exf5 Bxf5 14.Rc1 Ne5 15.Bg5 h6
16.Be3 Ncd3 17.Nd4 Nxc1 18.Qxc1 Nf7 19.Nd5 e6 20.Nb6 Ra6 21.c5 dxc5 22.Nxf5 exf5
23.Bxa6 Qxb6 24.Bc4 Kh7 25.Bd5 Qd6 26.Rd1 Rd8 27.Qxc5 Qxc5 28.Bxc5 Bf6 29.Bb6 Rd7
30.Bxa5 Kg7 31.Kf1 Ne5 32.Bf3 Rf7 33.Be2 Nc6 34.Bb6 Be5 35.g3 f4 36.Kg2 g5
37.Bf3 Kf6 38.Bxc6 bxc6 39.Rc1 Kf5 40.Rxc6 g4 41.gxf4 Bxf4 42.a4 h5 43.Rc5+ Kg6
44.a5 Rf6 45.Rb5 h4 46.h3 g3 47.fxg3 hxg3 48.a6 Rc6 49.a7 Rc2+ 50.Kf3  1-0

[Event "16th OIBM 2012"]
[Site "Bad Wiessee GER"]
[Date "2012.10.27"]
[Round "1.14"]
[White "Kristofic,Mario"]
[Black "Nikolov,Mo"]
[Result "0-1"]
[WhiteElo "1918"]
[BlackElo "2542"]

1.Nf3 Nf6 2.c4 c5 3.Nc3 d5 4.cxd5 Nxd5 5.Qb3 Nc7 6.g3 Nc6 7.Bg2 e5 8.d3 Be7
9.O-O O-O 10.a3 Rb8 11.Bd2 Be6 12.Qc2 f6 13.Ne4 Na6 14.Bc3 Qd7 15.Ned2 b5
16.b3 Rfc8 17.Rfc1 Nd4 18.Bxd4 cxd4 19.Qb2 Nc5 20.Ne1 Bf8 21.Rab1 Rc7 22.Nc2 a5
23.Na1 Rbc8 24.Rc2 Bd6 25.Rbc1 Qe7 26.Nb1 h6 27.h4 f5 28.Nd2 Na6 29.Rxc7 Rxc7
30.Rxc7 Qxc7 31.Nb1 Nc5 32.Qc2 Nxb3 33.Qxc7 Bxc7 34.Nc2 Bd6 35.Bc6 b4 36.Bb5 Kf8
37.Kf1 Nc1 38.axb4 axb4 39.Ke1 Ba2 40.Nd2 b3 41.Nc4 bxc2 42.Kd2 Bxc4 43.Bxc4 Nxe2
44.Kxc2 Ke7 45.Kd2 Nc3  0-1

[Event "TCh-CZE Div1 Zapad 2012-13"]
[Site "Czech Republic CZE"]
[Date "2012.10.28"]
[Round "1.4"]
[White "Kraus,To"]
[Black "Nemec,Pa"]
[Result "1-0"]
[WhiteElo "2290"]
[BlackElo "2211"]

1.Nf3 Nf6 2.c4 c5 3.Nc3 b6 4.g3 Bb7 5.Bg2 g6 6.O-O Bg7 7.Re1 d6 8.e4 e5 9.d4 Nc6
10.dxe5 dxe5 11.Nd5 Nd7 12.Bg5 f6 13.Be3 O-O 14.h4 Re8 15.h5 Nd4 16.Nh4 g5
17.Bxd4 cxd4 18.Nf5 Nc5 19.b4 Ne6 20.Qb3 Kh8 21.a4 Bf8 22.a5 Ng7 23.Nh6 Bxd5
24.exd5 Qd7 25.d6 Rab8 26.axb6 axb6 27.c5 Ne6 28.c6 Qg7 29.Nf5 Qf7 30.Bd5 Rbd8
31.d7  1-0

[Event "4th Marcel Duchamp Open"]
[Site "Buenos Aires ARG"]
[Date "2012.10.30"]
[Round "8.14"]
[White "Bourgeois,W"]
[Black "Villarreal,H"]
[Result "0-1"]
[WhiteElo "1940"]
[BlackElo "2166"]

1.Nf3 Nf6 2.c4 c5 3.Nc3 g6 4.g3 Bg7 5.Bg2 O-O 6.d4 cxd4 7.Nxd4 Nc6 8.O-O Nxd4
9.Qxd4 d6 10.Qd3 Rb8 11.Be3 b6 12.Rac1 Ng4 13.Bd4 Ne5 14.Bxe5 Bxe5 15.b3 Bb7
16.e4 Re8 17.f4 Bxc3 18.Qxc3 Rc8 19.Qe3 Qc7 20.b4 Ba6 21.f5 Bxc4 22.Qh6 b5
23.Rf4 Qb6+ 24.Kh1 Qe3 25.Rg1 Bxa2 26.fxg6 hxg6 27.Qh3 Rc1 28.Rxc1 Qxc1+
29.Rf1 Qc8 30.Qh6 Qe6 31.Rf4 Qe5 32.Bf3 Rc8 33.Rh4 Qa1+ 34.Kg2 Rc2+ 35.Kh3 Qf1+
36.Kg4 Be6+ 37.Kg5 f6+ 38.Kxg6 Bf7+ 39.Kf5 Qxf3+ 40.Rf4 Qh5+ 41.Qxh5 Bxh5
42.Ke6 Rc7 43.g4 Bf7+ 44.Kf5 Rc4 45.h4 Kg7  0-1

[Event "5th Douglas Martinez"]
[Site "Guarenas VEN"]
[Date "2012.10.30"]
[Round "9.3"]
[White "Vera Gonzalez Quevedo,R"]
[Black "Papin,V"]
[Result "0-1"]
[WhiteElo "2481"]
[BlackElo "2552"]

1.c4 e6 2.Nc3 c5 3.Nf3 Nf6 4.d4 cxd4 5.Nxd4 Bb4 6.g3 Ne4 7.Qc2 Qa5 8.Bg2 Nxc3
9.O-O Nc6 10.bxc3 Bxc3 11.Nb3 Nd4 12.Nxd4 Bxd4 13.Rb1 d6 14.Rd1 Bc5 15.Bxb7 Bxb7
16.Rxb7 O-O 17.Qb3 Qa6 18.Bg5 Rac8 19.Be7 Rfe8 20.Rd7 Rb8 21.Qc2 Rb6 22.Rd3 h6
23.Rb3 Qc8  0-1

[Event "Chigorin Memorial"]
[Site "St Petersburg RUS"]
[Date "2012.10.31"]
[Round "5.82"]
[White "Timofeeva,Ekaterina"]
[Black "Gorjunov,S2"]
[Result "1-0"]
[WhiteElo "2331"]
[BlackElo "2134"]

1.Nf3 c5 2.c4 Nf6 3.Nc3 d5 4.cxd5 Nxd5 5.g3 Nc7 6.Bg2 Nc6 7.d3 e5 8.O-O Be7
9.Nd2 Bd7 10.Nc4 O-O 11.Bxc6 Bxc6 12.Nxe5 Be8 13.f4 Bf6 14.Nf3 Bc6 15.Ne4 Be7
16.Be3 b6 17.Rc1 Bb7 18.Bf2 h6 19.Qc2 Nd5 20.a3 Kh8 21.Qb3 Nf6 22.Ned2 Qd7
23.e4 Rad8 24.Ne5 Qh3 25.Ndf3 Kg8 26.Rc2 Bd6 27.Be3 Bxe5 28.Nxe5 Ba6 29.Rd2 Nxe4
30.Rg2 Nf6 31.f5 Bb7 32.Rd2 Ne4 33.dxe4 Rxd2 34.Bxd2 Bxe4 35.Rf2 Bxf5 36.Qf3 Be6
37.Bc3 f6 38.Nd3 Rd8 39.Nf4 Qf5 40.Nxe6 Qxe6 41.Re2 Qf7 42.Qe4 Kh8 43.h4 Qh5
44.Kg2 b5 45.Qe6 Qg6 46.Qe7 Qd3 47.Rd2 Qxd2+ 48.Bxd2 Rxd2+ 49.Kh3 Rxb2 50.Qxc5 a5
51.Qc8+ Kh7 52.Qc3 Rf2 53.Qd3+ f5 54.Qxb5 Rf3 55.Qxa5 f4 56.Kg4 Rxg3+ 57.Kxf4  1-0

[Event "TCh-NOR Eliteserien 2012-13"]
[Site "Haraldsheim NOR"]
[Date "2012.11.02"]
[Round "6"]
[White "Gamback,B"]
[Black "Briseid,H"]
[Result "0-1"]
[WhiteElo "2163"]
[BlackElo "2143"]

1.Nf3 Nf6 2.c4 c5 3.Nc3 b6 4.g3 Bb7 5.Bg2 e6 6.O-O a6 7.Re1 Qc7 8.e4 d6 9.b3 Be7
10.d4 cxd4 11.Qxd4 O-O 12.h3 Nbd7 13.Bb2 Rac8 14.Rad1 Qb8 15.Nh2 Rfe8 16.Ng4 Nxg4
17.hxg4 Bf8 18.g5 Red8 19.Kh2 Qc7 20.f4 Qc5 21.Qd3 Qc7 22.Bf3 Nc5 23.Qe2 Qe7
24.Kg2 Qc7 25.Rh1 Be7 26.Rh2 Nd7 27.Rdh1 Nf8 28.Bg4 Qc5 29.Kf1 Rc7 30.Rxh7 Nxh7
31.Qh2 Bxg5 32.Qxh7+ Kf8 33.Na4 Qe3 34.Qxg7+ Ke7 35.Qxg5+ Kd7 36.Qf6 Bxe4
37.Rh2 Qxg3 38.Nxb6+ Kc6 39.Rh5 Bd3+ 40.Be2 Qf3+ 41.Kg1 Qe3+ 42.Kh2 Qxe2+
43.Kg3 Qe3+ 44.Kg2 Qe2+ 45.Kg3 Qe1+ 46.Kh3 Bf1+ 47.Kg4 Rg8+ 48.Rg5 Qe2+ 49.Kh4 Qh2+
50.Kg4 Qh3+  0-1

[Event "Chigorin Memorial"]
[Site "St Petersburg RUS"]
[Date "2012.11.04"]
[Round "9.34"]
[White "Yevseev,D"]
[Black "Svetlov,D"]
[Result "1-0"]
[WhiteElo "2545"]
[BlackElo "2399"]

1.Nf3 Nf6 2.c4 c5 3.Nc3 b6 4.g3 Bb7 5.Bg2 e6 6.O-O Be7 7.Re1 d6 8.e4 Nbd7
9.d4 cxd4 10.Nxd4 Qc7 11.Ndb5 Qb8 12.f4 a6 13.Nd4 Qc7 14.e5 dxe5 15.fxe5 Ng8
16.Nd5 exd5 17.Bf4 g5 18.e6 Qc5 19.exd7+ Kd8 20.Be3 Qd6 21.cxd5  1-0

[Event "38th ch-BAN 2012"]
[Site "Dhaka BAN"]
[Date "2012.11.09"]
[Round "2.4"]
[White "Murshed,N"]
[Black "Hasan,Me"]
[Result "1/2-1/2"]
[WhiteElo "2452"]
[BlackElo "2310"]

1.Nf3 Nf6 2.c4 e6 3.Nc3 c5 4.g3 Nc6 5.Bg2 Be7 6.O-O O-O 7.d4 cxd4 8.Nxd4 a6
9.b3 Qb6 10.Nc2 Qa5 11.Bb2 b5 12.cxb5 axb5 13.a3 Qb6 14.b4 d5 15.e3 Ba6 16.Ne2 Rac8
17.Nf4 Rfd8 18.Rc1 Qb8 19.Nd3 Bb7 20.Qe2 Nd7 21.f4 Bf6 22.Bxf6 Nxf6 23.Nc5 Ba8
24.Nd4 Na7 25.Rcd1 Qb6 26.Rd2 Rb8 27.Rfd1 Nc8 28.Nf3 Nd6 29.Ne5 Rbc8 30.Qd3 h6
31.Qd4 Nf5 32.Qc3 Nd6 33.Qd4 Nf5 34.Qc3 Nd6  1/2-1/2

[Event "3rd Mendeleev GM"]
[Site "Tyumen RUS"]
[Date "2012.11.09"]
[Round "5"]
[White "Kotsur,P"]
[Black "Kopylov,Al2"]
[Result "1-0"]
[WhiteElo "2548"]
[BlackElo "2425"]

1.Nf3 Nf6 2.c4 c5 3.Nc3 g6 4.d4 Bg7 5.e4 O-O 6.Be2 d6 7.O-O Bg4 8.d5 Nbd7
9.h3 Bxf3 10.Bxf3 a6 11.a4 Qc7 12.Bf4 Ne5 13.Be2 e6 14.Bd2 exd5 15.exd5 Rae8
16.b3 Re7 17.Qc2 Ne8 18.Rae1 f5 19.f4 Nf7 20.Bf3 Bd4+ 21.Kh2 Ng7 22.Rxe7 Qxe7
23.Re1 Qd8 24.Ne2 Bf6 25.g4 h6 26.gxf5 Nxf5 27.Rg1 Nh4 28.Rxg6+ Kh8 29.Rg3 Re8
30.Bg4 Qe7 31.Bc3 Nd8 32.Re3 Qxe3 33.Bxf6+ Kg8 34.Bxh4 Re4 35.Kg2  1-0

[Event "Brno Open 2012"]
[Site "Brno CZE"]
[Date "2012.11.10"]
[Round "1"]
[White "Paseka,C"]
[Black "Tsenov,Tsvetoslav"]
[Result "0-1"]
[WhiteElo "1717"]
[BlackElo "2118"]

1.Nf3 c5 2.c4 Nf6 3.Nc3 d5 4.cxd5 Nxd5 5.Nxd5 Qxd5 6.e3 Nc6 7.Be2 e5 8.O-O Be7
9.b3 e4 10.Bc4 Qd6 11.Ne1 Bf6 12.Rb1 O-O 13.Bb2 Bxb2 14.Rxb2 Bf5 15.Qc2 Bg6
16.a3 a6 17.g3 Ne5 18.Be2 Rac8 19.Ng2 Nf3+ 20.Kh1 Rfd8 21.Rd1 h6 22.Nf4 Bh7
23.d3 exd3 24.Bxd3 Bxd3 25.Rxd3 Qc6 26.Rxd8+ Rxd8 27.e4 Rd2 28.Qb1 Rxb2 29.Qxb2 Qxe4
30.h4 Nxh4+ 31.Kh2 Nf3+ 32.Kh3 g5 33.Nh5 g4+ 34.Kg2 Nd4+ 35.Kh2 Qe5  0-1

[Event "Brno Open 2012"]
[Site "Brno CZE"]
[Date "2012.11.10"]
[Round "1"]
[White "Burdalev,K"]
[Black "Veznik,Michael"]
[Result "1-0"]
[WhiteElo "2334"]
[BlackElo "1870"]

1.Nf3 c5 2.c4 Nf6 3.Nc3 g6 4.d4 cxd4 5.Nxd4 Bg7 6.e4 d6 7.Be2 Nc6 8.Be3 O-O
9.O-O Be6 10.Nxe6 fxe6 11.Qd2 Qa5 12.Rac1 Rad8 13.Rfd1 Rd7 14.f4 h5 15.Kh1 Ng4
16.Bxg4 hxg4 17.Qe2 Qh5 18.e5 Bh6 19.exd6 exd6 20.Ne4 Bxf4 21.Bxf4 Rxf4 22.Ng3 Qe5
23.Qd3 Kg7 24.Re1 Qxb2 25.Ne2 Ne5 26.Qg3 Rf6 27.Nd4 Qxa2 28.c5 dxc5 29.Qxe5 cxd4
30.Rf1 Rf7 31.Rxf6 Rxf6 32.Rf1 d3 33.Qxf6+ Kh6 34.Qh8+ Kg5 35.Qd8+  1-0

[Event "TCh-CZE Div1 Vychod 2012-13"]
[Site "Czech Republic CZE"]
[Date "2012.11.11"]
[Round "2.6"]
[White "Kubos,R"]
[Black "Vesely,T"]
[Result "1-0"]
[WhiteElo "2215"]
[BlackElo "2140"]

1.c4 c5 2.Nc3 Nf6 3.Nf3 e6 4.g3 b6 5.Bg2 Bb7 6.O-O Be7 7.d4 cxd4 8.Qxd4 d6
9.b3 O-O 10.Rd1 a6 11.Ba3 Ne8 12.e4 Qc7 13.Qe3 Nd7 14.e5 Rb8 15.Rac1 Bxf3
16.exd6 Bxd6 17.Bxd6 Nxd6 18.Qxf3 Nf6 19.Qf4 Rfd8 20.Rd3 Qe7 21.Rcd1 Nde8
22.Qd2 Rxd3 23.Qxd3 h6 24.Bf3 Qc5 25.Kg2 Qb4 26.Qd4 Qa5 27.Rd3 Rc8 28.Bb7 Rc7
29.Bf3 Rd7 30.Qe3 Rxd3 31.Qxd3 Qe5 32.Bb7 Nc7 33.Bc6 Nce8 34.Bb7 Qe1 35.Na4 b5
36.cxb5 axb5 37.Qxb5 Nd6 38.Qb6 Nxb7 39.Qxb7 Ne4 40.Qc8+ Kh7 41.Qc2 f5 42.Nc5 Nxc5
43.Qxc5 Qe4+ 44.f3 Qb1 45.Qf2 e5 46.h4 h5 47.Qe2 g6 48.Qd2 e4 49.fxe4 fxe4
50.Kf2 Qh1 51.Qf4 Kg7 52.b4 Qb1 53.Qe5+ Kf7 54.Qd5+ Kf6 55.b5 Qc1 56.Qc6+  1-0

[Event "22nd World Seniors Women"]
[Site "Kamena Vourla GRE"]
[Date "2012.11.13"]
[Round "1.6"]
[White "Ankudinova,Y"]
[Black "Tsygankova,Enni"]
[Result "1-0"]
[WhiteElo "2147"]
[BlackElo "1843"]

1.c4 c5 2.Nc3 Nf6 3.Nf3 g6 4.e4 d6 5.d4 cxd4 6.Nxd4 e6 7.Be2 Bg7 8.O-O O-O
9.Bg5 Nc6 10.Ndb5 h6 11.Bh4 g5 12.Bg3 Ne8 13.Nxd6 e5 14.Nxc8 Qxd1 15.Rfxd1 Rxc8
16.Bg4 Rd8 17.Rxd8 Nxd8 18.Rd1 Nc6 19.f3 Nf6 20.Bf5 Nh5 21.Bf2 Nd4 22.b3 Rd8
23.Kf1 a6 24.g3 Kf8 25.Be3 Bf6 26.Kf2 Be7 27.Bxd4 Rxd4 28.Rxd4 exd4 29.Nd5 a5
30.Ke2 Bc5 31.Kd3 Ng7 32.Bc8 b6 33.a3 Ne6 34.b4 Bd6 35.Nxb6 axb4 36.axb4 Bxb4
37.Bxe6 fxe6 38.Kxd4 Ke7 39.e5 Be1 40.Nc8+ Kd7 41.Nd6 Bf2+ 42.Ke4 Ke7 43.f4 Bg1
44.fxg5 hxg5 45.h4 gxh4 46.gxh4 Bf2 47.h5 Kf8 48.Nb7 Bb6 49.c5 Bc7 50.c6 Kg7
51.Nc5 Kh6 52.Nxe6  1-0

[Event "22nd World Seniors Open"]
[Site "Kamena Vourla GRE"]
[Date "2012.11.13"]
[Round "1.47"]
[White "Lachat,Martin"]
[Black "Vrhovnik,D"]
[Result "0-1"]
[WhiteElo "1675"]
[BlackElo "2114"]

1.c4 Nf6 2.Nc3 c5 3.Nf3 g6 4.g3 Bg7 5.Bg2 Nc6 6.O-O O-O 7.d4 cxd4 8.Nxd4 d6
9.Nxc6 bxc6 10.Bxc6 Rb8 11.Qc2 Bf5 12.e4 Bh3 13.Re1 Ng4 14.Bf4 g5 15.Bxg5 Ne5
16.Bxe7 Qxe7 17.Bd5 Nf3+ 18.Kh1 Nxe1 19.Rxe1 Bxc3 20.Qxc3 Qe5 21.Qxe5 dxe5
22.b3 Be6 23.f3 Rfd8 24.Kg2 Kf8 25.Kf2 Ke7 26.Re3 a5 27.f4 f6 28.Kf3 Kd6
29.c5+ Ke7 30.c6 Rbc8 31.Rd3 Bxd5 32.exd5 Rxc6  0-1